Statistiques concernant Les chevaliers d'emeraudes

Cliquez ici pour prendre le quiz!

Statistiques générales

  • Ce quiz a été pris 71 fois
  • Le résultat moyen est 6 sur 7

Statistiques - réponses

l’ordre première générationchevaliers% Correct
chef des chevaliersWELLAN
96%
seule femme de la première générationCHLOÉ
93%
le meilleur guérisseur et aussi très bon musicienSANTO
88%
le plus jeune de sa generationJASSON
86%
il vient du desertBERGEAU
79%
se marie avec chloéDEMPSEY
77%
le plus rapide et le meilleur escrimeur de sa generationFALCON
63%

Distribution des résultats

Percentile par nombre de réponses

% des personnes avec chaque résultat

Votre développement - résultats

Vous n’avez pas pris ce quiz